[Event "Turkish Club Cup 2019"]
[Site "Konya"]
[Date "2019.07.21"]
[Round "9"]
[White "Akbas, Umut Ata"]
[Black "Sinay, Ahmet"]
[Result "1-0"]
[WhiteElo "1912"]
[BlackElo "1692"]
[Annotator "NA"]
[PlyCount "67"]
[EventDate "2019.07.16"]
[EventType "team-tourn"]
[EventCountry "TUR"]
[SourceTitle "playchess.com"]
[Source "ChessBase"]
[SourceQuality "1"]

1. Nf3 Nf6 2. c4 g6 3. d4 Bg7 4. Nc3 O-O 5. Bg5 d6 6. e3 c6 7. Be2 Qc7 8. O-O Re8 9. Rc1 Nbd7 10. Qc2 e5 11. Rfd1 h6 12. Bh4 a6 13. b4 a5 14. b5 c5 15. dxe5 dxe5 16. Nd2 b6 17. Nde4 Nxe4 18. Nxe4 f5 19. Nd6 Re6 20. Nxc8 Rxc8 21. e4 f4 22. Bg4 Nf8 23. f3 Rce8 24. Rd5 g5 25. Bf2 Rd6 26. Rxd6 Qxd6 27. Rd1 Qg6 28. Qd3 Bf6 29. Qd5+ Qf7 30. Qc6 Rd8 31. Rd5 Rxd5 32. cxd5 Bd8 33. Qxh6 Qg6 34. Be6+ 1-0

[Event "Turkish Club Cup 2019"]
[Site "Konya"]
[Date "2019.07.21"]
[Round "9"]
[White "Cam, Vedat"]
[Black "Subasi, Cagrican"]
[Result "1/2-1/2"]
[WhiteElo "1907"]
[BlackElo "1871"]
[Annotator "NA"]
[PlyCount "75"]
[EventDate "2019.07.16"]
[EventType "team-tourn"]
[EventCountry "TUR"]
[SourceTitle "playchess.com"]
[Source "ChessBase"]
[SourceQuality "1"]

1. d4 e6 2. c4 Nf6 3. Nf3 d5 4. Nc3 Be7 5. Bg5 O-O 6. e3 h6 7. Bxf6 Bxf6 8. cxd5 exd5 9. Bd3 c6 10. O-O Bg4 11. h3 Bxf3 12. Qxf3 Nd7 13. Rac1 g6 14. Rfd1 Bg7 15. Na4 Qf6 16. Qxf6 Bxf6 17. Nc5 Nxc5 18. Rxc5 Be7 19. Rc2 Bd6 20. g4 Kg7 21. Kg2 Rfe8 22. a4 a5 23. b3 Re7 24. Re1 Rae8 25. Rce2 Bb4 26. Rc1 Ba3 27. Rd1 Bb4 28. Kf3 Bd6 29. e4 dxe4+ 30. Rxe4 Rxe4 31. Bxe4 Bb4 32. d5 cxd5 33. Rxd5 b6 34. Rd7 Re7 35. Rxe7 Bxe7 36. Kg3 g5 37. Bd5 Bc5 38. Kf3 1/2-1/2

[Event "Turkish Club Cup 2019"]
[Site "Konya"]
[Date "2019.07.21"]
[Round "9"]
[White "Emir, Emirhan"]
[Black "Kilic, Eray"]
[Result "1/2-1/2"]
[WhiteElo "1904"]
[BlackElo "1931"]
[Annotator "NA"]
[PlyCount "91"]
[EventDate "2019.07.16"]
[EventType "team-tourn"]
[EventCountry "TUR"]
[SourceTitle "playchess.com"]
[Source "ChessBase"]
[SourceQuality "1"]

1. Nf3 c5 2. c4 Nc6 3. Nc3 Nf6 4. d3 e6 5. e4 d6 6. g3 Be7 7. Bg2 O-O 8. O-O a6 9. Rb1 Rb8 10. a4 Qc7 11. Be3 b6 12. b3 Bb7 13. d4 Rbd8 14. Qe2 Rfe8 15. Rfd1 Bf8 16. dxc5 bxc5 17. h4 e5 18. Nh2 Nd4 19. Qd2 Qc8 20. Nd5 Bxd5 21. cxd5 Ng4 22. Nxg4 Qxg4 23. Bxd4 exd4 24. Qf4 Qxf4 25. gxf4 a5 26. Kf1 Rb8 27. Ke2 Rb4 28. Kd3 Reb8 29. Kc2 Be7 30. h5 h6 31. Bf1 Bh4 32. f3 Bg3 33. f5 f6 34. Bc4 Bf4 35. Rd3 Kf7 36. Re1 Bg5 37. Rg1 R8b7 38. Rdd1 Be3 39. Rge1 Bf4 40. Rd3 Kf8 41. Rg1 Kf7 42. Rb1 Be3 43. Rdd1 Kf8 44. Kd3 Kf7 45. Rf1 Bf4 46. Kc2 1/2-1/2

[Event "Turkish Club Cup 2019"]
[Site "Konya"]
[Date "2019.07.21"]
[Round "9"]
[White "Kuseyri, Mehmet Ali"]
[Black "Gok, Emre"]
[Result "1/2-1/2"]
[WhiteElo "1898"]
[BlackElo "1825"]
[Annotator "NA"]
[PlyCount "93"]
[EventDate "2019.07.16"]
[EventType "team-tourn"]
[EventCountry "TUR"]
[SourceTitle "playchess.com"]
[Source "ChessBase"]
[SourceQuality "1"]

1. d4 f5 2. Nc3 Nf6 3. Bg5 e6 4. e4 fxe4 5. Nxe4 Be7 6. Bxf6 Bxf6 7. Qh5+ g6 8. Qh6 d5 9. Nxf6+ Qxf6 10. Nf3 Nc6 11. Bb5 Bd7 12. Bxc6 Bxc6 13. O-O O-O-O 14. Ne5 Bb5 15. Rfe1 Rdf8 16. Qe3 Qf4 17. a4 Qxe3 18. Rxe3 Bd7 19. Rae1 Rf6 20. b3 Re8 21. g3 Bc6 22. f4 Bd7 23. h4 Kd8 24. Kf2 Ke7 25. Rh1 Kd6 26. Ke2 Ref8 27. Ng4 Rf5 28. Re5 Rc8 29. Ne3 Rxe5 30. fxe5+ Ke7 31. h5 Be8 32. h6 c5 33. c3 g5 34. Kd2 Bg6 35. Rf1 cxd4 36. cxd4 Be4 37. Rf2 Rf8 38. Ng4 Rxf2+ 39. Nxf2 Bg2 40. a5 Kf7 41. Nd3 b6 42. Nb4 bxa5 43. Nc6 a6 44. Nd8+ Ke7 45. Nc6+ Kf7 46. Nd8+ Ke7 47. Nc6+ 1/2-1/2

[Event "Turkish Club Cup 2019"]
[Site "Konya"]
[Date "2019.07.21"]
[Round "9"]
[White "Inan, Canberk"]
[Black "Ergonen, Arda"]
[Result "0-1"]
[WhiteElo "1895"]
[BlackElo "1905"]
[Annotator "NA"]
[PlyCount "123"]
[EventDate "2019.07.16"]
[EventType "team-tourn"]
[EventCountry "TUR"]
[SourceTitle "playchess.com"]
[Source "ChessBase"]
[SourceQuality "1"]

1. e4 d5 2. exd5 Qxd5 3. Nc3 Qa5 4. d4 Nf6 5. Nf3 c6 6. Bd2 Bf5 7. Bc4 e6 8. Nd5 Qd8 9. Nxf6+ gxf6 10. c3 Nd7 11. Qe2 Qc7 12. O-O-O O-O-O 13. Nh4 Bg6 14. g3 Bd6 15. Nxg6 hxg6 16. h4 Nb6 17. Bb3 c5 18. dxc5 Bxc5 19. Bf4 Qc6 20. Rhe1 a5 21. Bc2 Nd5 22. Bd2 f5 23. c4 Nb4 24. a3 Nxc2 25. Kxc2 Bd4 26. Bc3 Bxc3 27. Kxc3 b5 28. b3 Qc5 29. b4 axb4+ 30. axb4 Qa7 31. Ra1 Qd4+ 32. Kb3 Qxc4+ 33. Qxc4+ bxc4+ 34. Kxc4 Kb7 35. Re5 Rc8+ 36. Kb5 Rhd8 37. Rc5 Rb8 38. Ra6 Rd4 39. Rb6+ Ka8 40. Rcc6 Rb7 41. Rc8+ Ka7 42. Rxb7+ Kxb7 43. Rf8 Rd5+ 44. Kc4 Rd7 45. Kb5 Rd5+ 46. Ka4 Rd7 47. Ka5 e5 48. Kb5 Rc7 49. Rh8 e4 50. h5 gxh5 51. Rxh5 f4 52. gxf4 Rc2 53. Rf5 Rxf2 54. Rxf7+ Kc8 55. Kb6 e3 56. b5 e2 57. Re7 Rh2 58. Re8+ Kd7 59. Re3 Rh6+ 60. Ka7 Re6 61. Rxe2 Rxe2 62. b6 0-1

[Event "Turkish Club Cup 2019"]
[Site "Konya"]
[Date "2019.07.21"]
[Round "9"]
[White "Karahan, Anil"]
[Black "Coban, Suleyman"]
[Result "1/2-1/2"]
[WhiteElo "1889"]
[BlackElo "1667"]
[Annotator "NA"]
[PlyCount "77"]
[EventDate "2019.07.16"]
[EventType "team-tourn"]
[EventCountry "TUR"]
[SourceTitle "playchess.com"]
[Source "ChessBase"]
[SourceQuality "1"]

1. d4 d5 2. Nf3 g6 3. g3 Bg7 4. Bg2 Nf6 5. O-O O-O 6. c4 c6 7. Nbd2 Re8 8. Ne5 Nbd7 9. Ndf3 Nxe5 10. Nxe5 dxc4 11. Nxc4 Be6 12. Qd3 Nd7 13. Rd1 Bxc4 14. Qxc4 Nb6 15. Qd3 e5 16. dxe5 Qxd3 17. Rxd3 Bxe5 18. Rb1 Rad8 19. Rxd8 Rxd8 20. Be3 Nc4 21. Bxa7 Nxb2 22. Bc5 Rd1+ 23. Rxd1 Nxd1 24. Bh3 Nc3 25. Bc8 Nxe2+ 26. Kf1 Nc3 27. Bxb7 Nxa2 28. Bxc6 Nc1 29. Be3 Nb3 30. Bd5 Nd4 31. Bxd4 Bxd4 32. Ke2 Kg7 33. Kf3 Bc5 34. h3 h6 35. Ba2 Bd4 36. Bb1 Bc5 37. Bc2 Bb6 38. Bd3 Bc5 39. Bf1 1/2-1/2

[Event "Turkish Club Cup 2019"]
[Site "Konya"]
[Date "2019.07.21"]
[Round "9"]
[White "Severcan, Sedat Sabri"]
[Black "Kucuk, Dogan"]
[Result "1/2-1/2"]
[WhiteElo "1885"]
[BlackElo "2028"]
[Annotator "NA"]
[PlyCount "81"]
[EventDate "2019.07.16"]
[EventType "team-tourn"]
[EventCountry "TUR"]
[SourceTitle "playchess.com"]
[Source "ChessBase"]
[SourceQuality "1"]

1. d4 Nf6 2. Nf3 e6 3. c4 d5 4. e3 c6 5. Bd3 Nbd7 6. O-O Bd6 7. Nbd2 O-O 8. Rb1 Qe7 9. Re1 e5 10. dxe5 Nxe5 11. Nxe5 Qxe5 12. Nf3 Qh5 13. b3 Bg4 14. h3 Bxf3 15. Qxf3 Qxf3 16. gxf3 Rfe8 17. Bb2 Be5 18. Ba3 Rad8 19. Red1 g6 20. f4 Bc3 21. cxd5 Nxd5 22. Bc4 Nb6 23. Be2 Bf6 24. Bf3 Rxd1+ 25. Rxd1 Rd8 26. Rxd8+ Bxd8 27. Bc5 Nc8 28. Ba3 Be7 29. Bxe7 Nxe7 30. Kf1 Kf8 31. Ke2 f5 32. Kd3 Kf7 33. Kd4 Ke6 34. a4 Kd6 35. b4 Ng8 36. Be2 Nf6 37. Bc4 b6 38. f3 Nd7 39. e4 Nf8 40. e5+ Ke7 41. h4 1/2-1/2

[Event "Turkish Club Cup 2019"]
[Site "Konya"]
[Date "2019.07.21"]
[Round "9"]
[White "Ercan, Mehmet Fahri"]
[Black "Ulusoy, Kemal"]
[Result "1-0"]
[WhiteElo "1883"]
[BlackElo "1563"]
[Annotator "NA"]
[PlyCount "59"]
[EventDate "2019.07.16"]
[EventType "team-tourn"]
[EventCountry "TUR"]
[SourceTitle "playchess.com"]
[Source "ChessBase"]
[SourceQuality "1"]

1. f4 d5 2. Nf3 Nf6 3. g3 e6 4. Bg2 c5 5. O-O Nc6 6. d3 Bd6 7. c4 d4 8. Na3 a6 9. Nc2 O-O 10. a3 Re8 11. Rb1 e5 12. fxe5 Nxe5 13. Nxe5 Bxe5 14. b4 Qc7 15. bxc5 Ng4 16. Bf4 Bxf4 17. Rxf4 Ne3 18. Nxe3 dxe3 19. Bd5 Re7 20. Qf1 Rb8 21. Qf3 Be6 22. Rf1 Rf8 23. d4 Bh3 24. Rb1 Bc8 25. Rb6 Kh8 26. Qh5 f6 27. Be4 Rxe4 28. Rxe4 g6 29. Qh6 Bf5 30. Qxf8# 1-0

[Event "Turkish Club Cup 2019"]
[Site "Konya"]
[Date "2019.07.21"]
[Round "9"]
[White "Kaptan, Emre Akin"]
[Black "Gulerdil, Yagiz"]
[Result "0-1"]
[WhiteElo "1883"]
[BlackElo "1690"]
[Annotator "NA"]
[PlyCount "58"]
[EventDate "2019.07.16"]
[EventType "team-tourn"]
[EventCountry "TUR"]
[SourceTitle "playchess.com"]
[Source "ChessBase"]
[SourceQuality "1"]

1. e4 e6 2. d4 d5 3. Nd2 Nc6 4. Ngf3 Nf6 5. e5 Nd7 6. c3 f6 7. exf6 Qxf6 8. Nb3 Bd6 9. Bg5 Qf7 10. Bb5 O-O 11. Be3 a5 12. Ng5 Qe8 13. Bd3 g6 14. h4 e5 15. h5 e4 16. Nxh7 exd3 17. Nxf8 Nxf8 18. hxg6 Qxg6 19. Rh6 Qg4 20. Qxd3 Bf5 21. Qb5 Ne7 22. Qe2 Neg6 23. g3 Re8 24. Nxa5 Bxg3 25. fxg3 Qxg3+ 26. Kd2 Nf4 27. Qf2 Qxf2+ 28. Bxf2 Re2+ 29. Kd1 Bc2+ 0-1

[Event "Turkish Club Cup 2019"]
[Site "Konya"]
[Date "2019.07.21"]
[Round "9"]
[White "Yalcin, Ozgun"]
[Black "Eren, Yusuf Kemal"]
[Result "1-0"]
[WhiteElo "1881"]
[BlackElo "1858"]
[Annotator "NA"]
[PlyCount "121"]
[EventDate "2019.07.16"]
[EventType "team-tourn"]
[EventCountry "TUR"]
[SourceTitle "playchess.com"]
[Source "ChessBase"]
[SourceQuality "1"]

1. c4 Nf6 2. g3 g6 3. Bg2 Bg7 4. Nc3 d6 5. e4 O-O 6. Nge2 e5 7. O-O Be6 8. d3 c6 9. h3 d5 10. exd5 cxd5 11. Bg5 dxc4 12. dxc4 Qc8 13. Qb3 Nc6 14. Nd5 Nd7 15. Rac1 f6 16. Be3 Rf7 17. a3 Nf8 18. Kh2 g5 19. Qa2 Ng6 20. Nec3 f5 21. Bxg5 f4 22. Ne4 f3 23. Bh1 Bxh3 24. Rfd1 Qf5 25. Qb1 Qg4 26. Nef6+ Bxf6 27. Nxf6+ Rxf6 28. Bxf6 Nd4 29. Rxd4 exd4 30. Qd3 Bg2 31. Bxg2 fxg2 32. Qxd4 Qe2 33. Qd5+ Kf8 34. Kxg2 Re8 35. Bg5 Re6 36. Qf3+ Qxf3+ 37. Kxf3 Ne5+ 38. Kg2 Nd3 39. Rd1 Nxb2 40. Rd7 h6 41. Bf4 Nxc4 42. Rxb7 a6 43. a4 Nb6 44. Rh7 h5 45. Rxh5 Nxa4 46. Rh6 Kf7 47. Rxe6 Kxe6 48. Bd2 Nc5 49. f4 Nb3 50. Bc3 a5 51. g4 a4 52. Bb2 Nd2 53. f5+ Kf7 54. Kg3 Nc4 55. Bd4 a3 56. Kf4 a2 57. g5 Na3 58. g6+ Kg8 59. f6 Nc2 60. f7+ Kf8 61. Bc5+ 1-0

[Event "Turkish Club Cup 2019"]
[Site "Konya"]
[Date "2019.07.21"]
[Round "9"]
[White "Celik, Berkay"]
[Black "Sahin, Senol"]
[Result "1-0"]
[WhiteElo "1876"]
[BlackElo "1922"]
[Annotator "NA"]
[PlyCount "89"]
[EventDate "2019.07.16"]
[EventType "team-tourn"]
[EventCountry "TUR"]
[SourceTitle "playchess.com"]
[Source "ChessBase"]
[SourceQuality "1"]

1. e4 e5 2. Nf3 Nf6 3. Nc3 Bb4 4. Nxe5 O-O 5. Nd3 Bxc3 6. dxc3 Nxe4 7. Be2 Re8 8. O-O c6 9. c4 d6 10. Bf3 Nd7 11. Bf4 Ndf6 12. Re1 Bf5 13. h4 d5 14. g4 dxc4 15. Ne5 Nd5 16. Bh2 Nxf2 17. Kxf2 Qb6+ 18. Kg2 Be6 19. Nxc4 Qb4 20. Ne3 Nxe3+ 21. Rxe3 Rad8 22. Qe1 Qxb2 23. Qc3 Rd2+ 24. Qxd2 Qxa1 25. a3 Qf6 26. Qe1 h5 27. Be5 Qg6 28. Be4 Bd5 29. Bxd5 cxd5 30. Qe2 hxg4 31. Qd3 Qh6 32. Kg3 Rc8 33. Bf4 Qc6 34. c3 Qd7 35. Re5 Rc5 36. c4 Qc6 37. Rxd5 f5 38. Rxc5 Qxc5 39. Qd5+ Qxd5 40. cxd5 b5 41. Bc7 Kf7 42. h5 Ke8 43. Kf4 Kd7 44. Be5 a5 45. Bxg7 1-0

[Event "Turkish Club Cup 2019"]
[Site "Konya"]
[Date "2019.07.21"]
[Round "9"]
[White "Guder, Serkan"]
[Black "Basaran, Alp"]
[Result "0-1"]
[WhiteElo "1872"]
[BlackElo "1857"]
[Annotator "NA"]
[PlyCount "90"]
[EventDate "2019.07.16"]
[EventType "team-tourn"]
[EventCountry "TUR"]
[SourceTitle "playchess.com"]
[Source "ChessBase"]
[SourceQuality "1"]

1. e4 c5 2. Nc3 d6 3. f4 Nf6 4. Nf3 g6 5. Bc4 Nc6 6. d3 Bg7 7. O-O O-O 8. Qe1 Bg4 9. Qh4 Bxf3 10. Rxf3 Nd4 11. Rf2 e6 12. f5 d5 13. Bb3 exf5 14. Bg5 h6 15. Bd2 Nxb3 16. axb3 dxe4 17. dxe4 Nxe4 18. Qxd8 Raxd8 19. Nxe4 fxe4 20. Be3 Bd4 21. Bxd4 Rxd4 22. Rxa7 e3 23. Rf1 e2 24. Re1 Re8 25. Rxb7 Rd2 26. c4 Rxb2 27. Rb5 Re5 28. g4 h5 29. h3 hxg4 30. hxg4 Kg7 31. Kf2 Kh6 32. b4 Rxb4 33. Rxb4 cxb4 34. Rxe2 Rc5 35. Rc2 b3 36. Rb2 Rxc4 37. Rxb3 Rxg4 38. Rb5 f5 39. Rb6 Kg5 40. Rb5 Ra4 41. Rb2 Kg4 42. Kg2 g5 43. Rc2 f4 44. Rb2 f3+ 45. Kf2 Kf4 0-1

[Event "Turkish Club Cup 2019"]
[Site "Konya"]
[Date "2019.07.21"]
[Round "9"]
[White "Cevrin, Muhammet Cemre"]
[Black "Kacangar, Mehmed"]
[Result "1-0"]
[WhiteElo "1860"]
[BlackElo "1785"]
[Annotator "NA"]
[PlyCount "79"]
[EventDate "2019.07.16"]
[EventType "team-tourn"]
[EventCountry "TUR"]
[SourceTitle "playchess.com"]
[Source "ChessBase"]
[SourceQuality "1"]

1. e4 e5 2. Nf3 Nf6 3. d4 Nxe4 4. Nxe5 d5 5. Bd3 Bd6 6. Nd2 Bxe5 7. dxe5 O-O 8. O-O Nc6 9. Nxe4 dxe4 10. Bxe4 Qxd1 11. Rxd1 Nxe5 12. Bf4 f6 13. Bxe5 fxe5 14. Rd5 Bf5 15. Rxe5 Bxe4 16. Rxe4 Rfe8 17. Rxe8+ Rxe8 18. Kf1 Kf7 19. Rd1 Re6 20. Rd7+ Re7 21. Rxe7+ Kxe7 22. Ke2 Ke6 23. Ke3 c5 24. Ke4 g6 25. g4 g5 26. c4 b6 27. f4 gxf4 28. Kxf4 Kf6 29. h4 a6 30. a4 a5 31. g5+ Kg6 32. Kg4 Kg7 33. h5 Kf7 34. Kf5 Ke7 35. g6 hxg6+ 36. Kxg6 Kf8 37. h6 Kg8 38. h7+ Kh8 39. Kh6 b5 40. axb5 1-0

[Event "Turkish Club Cup 2019"]
[Site "Konya"]
[Date "2019.07.21"]
[Round "9"]
[White "Kiziltas, Inanc Vefa"]
[Black "Unlu, Alp Bugra"]
[Result "1/2-1/2"]
[WhiteElo "1858"]
[BlackElo "1832"]
[Annotator "NA"]
[PlyCount "129"]
[EventDate "2019.07.16"]
[EventType "team-tourn"]
[EventCountry "TUR"]
[SourceTitle "playchess.com"]
[Source "ChessBase"]
[SourceQuality "1"]

1. Nf3 Nf6 2. c4 e6 3. e3 d5 4. b3 Be7 5. Be2 c5 6. Bb2 Nc6 7. d4 O-O 8. O-O b6 9. Ne5 Bb7 10. f4 Ne4 11. Nd2 Nxe5 12. dxe5 Nxd2 13. Qxd2 dxc4 14. Qxd8 Raxd8 15. Bxc4 Rd2 16. Rf2 Rfd8 17. Bc3 R2d7 18. Re2 Be4 19. Kf2 h5 20. Rc1 Kh7 21. Bb5 Rd1 22. Rxd1 Rxd1 23. Rd2 Rh1 24. Bd3 Bh4+ 25. g3 Rxh2+ 26. Kg1 Rh1+ 27. Kf2 Rh2+ 28. Kg1 Rh1+ 29. Kf2 Bxd3 30. Rxd3 Be7 31. Rd7 h4 32. Rxe7 h3 33. g4 Rc1 34. Kg3 Rxc3 35. Kxh3 Rxe3+ 36. Kh4 Kg6 37. Rxa7 Rf3 38. Ra4 b5 39. Ra5 c4 40. Rxb5 cxb3 41. axb3 Rxf4 42. Kg3 Rd4 43. Kf3 Kg5 44. Rb7 Rf4+ 45. Ke3 Kxg4 46. b4 Rf1 47. b5 g5 48. b6 Rb1 49. Kd4 Kh3 50. Kc5 g4 51. Rxf7 g3 52. Kc6 g2 53. b7 g1=Q 54. Rh7+ Kg2 55. Rg7+ Kf1 56. Rxg1+ Kxg1 57. Kc7 Kf2 58. Kd7 Rxb7+ 59. Kxe6 Ke3 60. Kf6 Ke4 61. e6 Kd5 62. e7 Rb8 63. Kf7 Kd6 64. e8=Q Rxe8 65. Kxe8 1/2-1/2

[Event "Turkish Club Cup 2019"]
[Site "Konya"]
[Date "2019.07.21"]
[Round "9"]
[White "Yuksel, Davut Can"]
[Black "Oluc, Hakan"]
[Result "0-1"]
[WhiteElo "1845"]
[BlackElo "1881"]
[Annotator "NA"]
[PlyCount "70"]
[EventDate "2019.07.16"]
[EventType "team-tourn"]
[EventCountry "TUR"]
[SourceTitle "playchess.com"]
[Source "ChessBase"]
[SourceQuality "1"]

1. d4 Nf6 2. c4 c5 3. d5 e6 4. Nc3 exd5 5. cxd5 d6 6. g3 g6 7. Bg2 Bg7 8. Nf3 O-O 9. O-O a6 10. a4 Re8 11. Nd2 Nbd7 12. Nc4 Ne5 13. Na3 Bd7 14. h3 Nh5 15. Bd2 f5 16. e4 b5 17. axb5 axb5 18. Naxb5 Rxa1 19. Qxa1 Nc4 20. Qc1 fxe4 21. Na3 Nxd2 22. Qxd2 e3 23. fxe3 Nxg3 24. Re1 Qh4 25. Nd1 Bxh3 26. Bxh3 Qxh3 27. Qg2 Qh4 28. Nb5 Nf5 29. Re2 Re4 30. Nf2 Rc4 31. Re1 Rc2 32. Qf3 Be5 33. Qg2 Bg7 34. Re2 Rc4 35. Re1 Nxe3 0-1

[Event "Turkish Club Cup 2019"]
[Site "Konya"]
[Date "2019.07.21"]
[Round "9"]
[White "Benk, Tolga Tugay"]
[Black "Aydin, Ismail"]
[Result "0-1"]
[WhiteElo "1844"]
[BlackElo "1896"]
[Annotator "NA"]
[PlyCount "80"]
[EventDate "2019.07.16"]
[EventType "team-tourn"]
[EventCountry "TUR"]
[SourceTitle "playchess.com"]
[Source "ChessBase"]
[SourceQuality "1"]

1. d4 d5 2. c4 e6 3. cxd5 exd5 4. Nc3 c6 5. Qc2 g6 6. e3 Bf5 7. Bd3 Bxd3 8. Qxd3 Nf6 9. Nge2 Bd6 10. f3 Nh5 11. g3 O-O 12. Bd2 Na6 13. O-O Nb4 14. Qb1 c5 15. a3 Nc6 16. Nb5 cxd4 17. Nbxd4 Re8 18. Nxc6 bxc6 19. Qd3 Qg5 20. Kg2 Rad8 21. b4 c5 22. bxc5 Bxc5 23. Nd4 Ng7 24. Rac1 Bb6 25. a4 Rd6 26. Rfe1 Ne6 27. a5 Bd8 28. Nb5 Rd7 29. Rc8 Qh5 30. f4 a6 31. Nd4 Rde7 32. Nc6 Rc7 33. Rxc7 Nxc7 34. Nxd8 Rxd8 35. h3 Nb5 36. Bb4 Rc8 37. e4 Rc4 38. Bd2 Rd4 39. Qc2 dxe4 40. Rxe4 Qd5 0-1

[Event "Turkish Club Cup 2019"]
[Site "Konya"]
[Date "2019.07.21"]
[Round "9"]
[White "Gonullu, Muhammed Sinan"]
[Black "Atas, Yunus"]
[Result "1/2-1/2"]
[WhiteElo "1823"]
[BlackElo "1876"]
[Annotator "NA"]
[PlyCount "91"]
[EventDate "2019.07.16"]
[EventType "team-tourn"]
[EventCountry "TUR"]
[SourceTitle "playchess.com"]
[Source "ChessBase"]
[SourceQuality "1"]

1. d4 e6 2. Nf3 d5 3. Bf4 c5 4. c3 Nc6 5. e3 Nf6 6. Be2 Bd6 7. Bxd6 Qxd6 8. Nbd2 O-O 9. O-O e5 10. dxe5 Nxe5 11. Nxe5 Qxe5 12. Nf3 Qc7 13. Qc2 Re8 14. Rfe1 Bg4 15. h3 Bh5 16. Nd2 Bg6 17. Bd3 Bxd3 18. Qxd3 Rad8 19. Rad1 h6 20. Qc2 a6 21. a4 b5 22. axb5 axb5 23. Ra1 Ra8 24. Rxa8 Rxa8 25. e4 Re8 26. Qd3 dxe4 27. Nxe4 Nxe4 28. Rxe4 Rd8 29. Qe2 Qd7 30. g4 Qd1+ 31. Qxd1 Rxd1+ 32. Kg2 Rd2 33. Re5 b4 34. Rxc5 b3 35. Rb5 Rxb2 36. Rb8+ Kh7 37. c4 Kg6 38. c5 Rc2 39. Rxb3 Rxc5 40. Kg3 h5 41. Rb6+ f6 42. f3 Rc3 43. gxh5+ Kxh5 44. Rb5+ Kg6 45. h4 Ra3 46. Rc5 1/2-1/2

[Event "Turkish Club Cup 2019"]
[Site "Konya"]
[Date "2019.07.21"]
[Round "9"]
[White "Saridag, Omer Melih"]
[Black "Uysal, Ugur"]
[Result "1-0"]
[WhiteElo "1820"]
[BlackElo "1689"]
[Annotator "NA"]
[PlyCount "107"]
[EventDate "2019.07.16"]
[EventType "team-tourn"]
[EventCountry "TUR"]
[SourceTitle "playchess.com"]
[Source "ChessBase"]
[SourceQuality "1"]

1. d4 Nf6 2. Nc3 d5 3. Bg5 g6 4. Bxf6 exf6 5. e3 Bg7 6. Nge2 f5 7. Nf4 c6 8. h4 h5 9. Bd3 Qe7 10. Nce2 Nd7 11. Qd2 Nf6 12. f3 O-O 13. c4 Re8 14. Kf2 Bh6 15. cxd5 Nxd5 16. Nxd5 cxd5 17. Nf4 Be6 18. Rac1 Qf6 19. Bb5 Rec8 20. g3 a6 21. Be2 Bf8 22. Nd3 Bd6 23. f4 Kg7 24. Rxc8 Rxc8 25. Rc1 Re8 26. Bf3 Qe7 27. a3 f6 28. Nc5 Bf7 29. b4 Rc8 30. Nb3 Qd7 31. Be2 Re8 32. Rc3 Qe7 33. Bf3 Rd8 34. Nc5 Rc8 35. Qc2 Ra8 36. Qa2 Rd8 37. Qb3 Kf8 38. Bxd5 Bxc5 39. Rxc5 b6 40. Bxf7 bxc5 41. Bxg6 cxd4 42. Bxf5 Qd6 43. Bg6 Rd7 44. Bxh5 d3 45. Bd1 Qc6 46. Qa4 Qb7 47. h5 Ke7 48. Qa5 d2 49. Qc5+ Ke8 50. h6 Qh1 51. Qc8+ Ke7 52. Qc5+ Kf7 53. Bh5+ Ke6 54. f5# 1-0

[Event "Turkish Club Cup 2019"]
[Site "Konya"]
[Date "2019.07.21"]
[Round "9"]
[White "Aslanhan, Halis"]
[Black "Guler, Muhammed Talha"]
[Result "1/2-1/2"]
[WhiteElo "1812"]
[BlackElo "1652"]
[Annotator "NA"]
[PlyCount "62"]
[EventDate "2019.07.16"]
[EventType "team-tourn"]
[EventCountry "TUR"]
[SourceTitle "playchess.com"]
[Source "ChessBase"]
[SourceQuality "1"]

1. e4 c6 2. d4 d5 3. Nc3 dxe4 4. Nxe4 Bf5 5. Ng3 Bg6 6. h4 h6 7. h5 Bh7 8. Nf3 Nd7 9. Bd3 Bxd3 10. Qxd3 Ngf6 11. Bd2 e6 12. c4 Bd6 13. Ne4 Nxe4 14. Qxe4 Nf6 15. Qe2 O-O 16. O-O-O Qc7 17. Ne5 Bxe5 18. dxe5 Nd7 19. Bc3 Rfd8 20. Rd2 Nc5 21. Rxd8+ Rxd8 22. Rd1 Rxd1+ 23. Qxd1 Qd7 24. Qxd7 Nxd7 25. f3 b6 26. Kd2 Kf8 27. Ke3 c5 28. b3 Ke7 29. g4 Nf8 30. Ke4 Kd7 31. f4 Ke7 1/2-1/2

[Event "Turkish Club Cup 2019"]
[Site "Konya"]
[Date "2019.07.21"]
[Round "9"]
[White "Aslan, Dogukan"]
[Black "Taskiran, Recep"]
[Result "1/2-1/2"]
[WhiteElo "1806"]
[BlackElo "1898"]
[Annotator "NA"]
[PlyCount "55"]
[EventDate "2019.07.16"]
[EventType "team-tourn"]
[EventCountry "TUR"]
[SourceTitle "playchess.com"]
[Source "ChessBase"]
[SourceQuality "1"]

1. d4 Nf6 2. c4 e6 3. g3 d5 4. Nf3 Be7 5. Bg2 O-O 6. O-O b6 7. Ne5 Bb7 8. Nc3 Ne4 9. Qc2 f6 10. Nf3 Nxc3 11. Qxc3 Nd7 12. Qe3 Kf7 13. Bh3 f5 14. g4 g6 15. Qh6 Kg8 16. Ng5 Bxg5 17. Bxg5 Qe8 18. gxf5 Rxf5 19. Bxf5 exf5 20. e3 dxc4 21. f3 Qe6 22. Rae1 Qd5 23. Qh4 Re8 24. Qf2 Qf7 25. Qh4 Qd5 26. Qf2 Qf7 27. Qh4 Qd5 28. Qf2 1/2-1/2

[Event "Turkish Club Cup 2019"]
[Site "Konya"]
[Date "2019.07.21"]
[Round "9"]
[White "Gundogan, Sinem Cagla"]
[Black "Yurdakul, Didem Nuray"]
[Result "1-0"]
[WhiteElo "1806"]
[BlackElo "1779"]
[Annotator "NA"]
[PlyCount "61"]
[EventDate "2019.07.16"]
[EventType "team-tourn"]
[EventCountry "TUR"]
[SourceTitle "playchess.com"]
[Source "ChessBase"]
[SourceQuality "1"]

1. e4 c5 2. Nc3 d6 3. f4 Nc6 4. Bb5 Bd7 5. Nf3 g6 6. O-O Bg7 7. d3 e6 8. Bxc6 bxc6 9. Qe1 Ne7 10. Qg3 d5 11. Ne5 O-O 12. Na4 c4 13. Be3 cxd3 14. cxd3 Bc8 15. Bc5 Bb7 16. Rac1 Rc8 17. Qf2 f6 18. Nf3 Ba6 19. Rfd1 Bh6 20. Qh4 Bg7 21. Nd4 Qd7 22. Qh3 Kf7 23. Bxe7 Qxe7 24. Nc5 Bb7 25. Nxb7 f5 26. Nf3 Qxb7 27. Qxh7 Rg8 28. e5 Qe7 29. Ng5+ Kf8 30. Qxg6 Bxe5 31. Nxe6+ 1-0

[Event "Turkish Club Cup 2019"]
[Site "Konya"]
[Date "2019.07.21"]
[Round "9"]
[White "Durak, Ahmet"]
[Black "Bahadir, Melih"]
[Result "1/2-1/2"]
[WhiteElo "1786"]
[BlackElo "1595"]
[Annotator "NA"]
[PlyCount "85"]
[EventDate "2019.07.16"]
[EventType "team-tourn"]
[EventCountry "TUR"]
[SourceTitle "playchess.com"]
[Source "ChessBase"]
[SourceQuality "1"]

1. d4 d5 2. Nf3 Nf6 3. c4 dxc4 4. e3 a6 5. a4 e6 6. Bxc4 Be7 7. O-O O-O 8. Nc3 Nbd7 9. e4 Nb6 10. Be2 c5 11. Bg5 cxd4 12. Qxd4 Qxd4 13. Nxd4 Rd8 14. Rfd1 h6 15. Bxf6 Bxf6 16. Nf3 Bd7 17. Rd2 a5 18. e5 Be7 19. Bb5 Bxb5 20. Nxb5 Rxd2 21. Nxd2 Rd8 22. Nf3 Rd5 23. Rc1 Rc5 24. Rxc5 Bxc5 25. Kf1 Nd5 26. Nc3 Nxc3 27. bxc3 f6 28. exf6 gxf6 29. Ke2 Kf7 30. c4 b6 31. Nd2 f5 32. Nb3 Kf6 33. Nxc5 bxc5 34. f4 h5 35. h4 Ke7 36. g3 Kd7 37. Ke3 Kc7 38. Kd3 Kb6 39. Ke3 Kc6 40. Kd3 Kd7 41. Ke3 Kc8 42. Kf3 Kd8 43. Ke3 1/2-1/2